000 00700nam a2200241 a 4500
008
020 _a9781118677452 (pbk.)
049 _aMAIN
090 _aQA184
_bANT
100 1 _aAnton, Howard
245 1 0 _aElementary linear algebra with supplemental applications /
_cHoward Anton, Chris Rorres
250 _a11th ed.
260 _aSingapore :
_bJohn Wiley & Sons,
_cc2015.
300 _axiii, 768 p. :
_bill. ;
_c24 cm.
500 _aIncludes index.
650 0 _aAlgebras, Linear.
700 1 _aRorres, Chris.
907 _a.b1038277x
_b19-09-17
_c19-09-17
003
005 20230123122256.0
040 _cNUST
942 _cBOOKS
_kQA184
_mANT
999 _c130848
_d130848